Statistics for Heaviest Animals by Type

Click here to take the quiz!

General Stats

  • This quiz has been taken 28 times
  • The average score is 5 of 13

Answer Stats

Max. Mass (kg)TypeAnimal% Correct
190,000MammalBlue Whale
96%
10,400Land AnimalAfrican Bush Elephant
71%
157BirdOstrich
71%
21,500FishWhale Shark
63%
2,000ReptileSaltwater Crocodile
42%
495MolluscColossal Squid
33%
64AmphibianGiant Salamander
29%
2,300Bony FishOcean Sunfish
29%
0.1InsectGoliath Beetle
21%
150CnidarianLion's Mane Jellyfish
21%
20ArthropodAmerican Lobster
17%
0.17ArachnidGoliath Birdeater Spider
13%
39Flighted BirdWild Turkey
13%

Score Distribution

Percentile by Number Answered

Percent of People with Each Score

Your Score History

You have not taken this quiz